• 首页
  • 本馆介绍
  • 公告通知
  • 最新文献
  • 馆藏检索
  • 电子资源
  • 读者荐购
  • 参考咨询
  • CALIS
  • 我的图书馆
  • 登录
  • 详细信息显示
  • 放入我的书架
  • 预约/预借图书
  • 作者相关作品
  • 分类相关作品
  • 丛书相关作品
  • 出版社相关作品

书目信息

  • 表格格式
  • 工作单格式
  • 卡片格式
题名:
课程与教学论
    
 
作者: 余文森 , 洪明 编著
分册:  
出版信息: 福州   福建教育出版社  2015.05
页数: 306页
开本: 20cm
丛书名: 教师教育课程系列教材. 必修模块梦山书系
单 册:
中图分类: G423
科图分类:
主题词: 教学理论
电子资源:
ISBN: 978-7-5334-6810-1
 
 
 
 
 
000 00751nam0 2200241 450
001 2659707206
005 20260601150621.18
010    @a978-7-5334-6810-1@dCNY25.00
100    @a20260527d2015 km y0chiy0120 ea
101 0  @achi
102    @aCN@b350000
200 1  @a课程与教学论@Ake cheng yu jiao xue lun@f余文森,洪明等编著@FYu Wen Sen,Hong Ming Deng Bian Zhu
205    @a3版
210    @a福州@c福建教育出版社@d2015.05
215    @a306页@d20cm
225 2  @a教师教育课程系列教材. 必修模块梦山书系
410  0 @12001 @a教师教育课程系列教材. 必修模块梦山书系
606 0  @a教学理论
690    @aG423@v4
701  0 @a余文森@AYu Wen Sen@4编著
701  0 @a洪明@AHong Ming@4编著
801  0 @aCN@b河南城建学院图书馆@c20260527
905    @dG423@eY7731=3
    
    课程与教学论/余文森,洪明等编著.-3版.-福州:福建教育出版社,2015.05
    306页;20cm.-(教师教育课程系列教材. 必修模块梦山书系)
    
    
    ISBN 978-7-5334-6810-1:CNY25.00
    
●
相关链接 在E读中查询图书 在当当中查询图书 在豆瓣中查询图书


正题名:课程与教学论     索取号:G423/Y7731=3         预约/预借

序号 登录号 条形码 馆藏地/架位号 状态 备注
1 1556891   215568918   计算机与数据科学学院资料室/ [索取号:G423/Y7731=3] 在馆    
河南城建学院图书馆 欢迎您!
大连网信软件有限公司© 版权所有